Vacuum deposition onto webs, films, and foils (Record no. 572826)

000 -LEADER
fixed length control field 00521nam a22001817a 4500
003 - CONTROL NUMBER IDENTIFIER
control field CEME
005 - DATE AND TIME OF LATEST TRANSACTION
control field 20210628203241.0
008 - FIXED-LENGTH DATA ELEMENTS--GENERAL INFORMATION
fixed length control field 210203b xxu||||| |||| 00| 0 eng d
020 ## - INTERNATIONAL STANDARD BOOK NUMBER
International Standard Book Number 9780815515357
040 ## - CATALOGING SOURCE
Transcribing agency .
082 ## - DEWEY DECIMAL CLASSIFICATION NUMBER
Classification number 671.735 BIS
100 ## - MAIN ENTRY--PERSONAL NAME
Personal name Bishop, Charles A
9 (RLIN) 64281
245 ## - TITLE STATEMENT
Title Vacuum deposition onto webs, films, and foils
260 ## - PUBLICATION, DISTRIBUTION, ETC.
Place of publication, distribution, etc. USA
Name of publisher, distributor, etc. WILLIAM ANDREW PUBLISHING
Date of publication, distribution, etc. 2007
300 ## - PHYSICAL DESCRIPTION
Extent XXI, 474P
650 ## - SUBJECT ADDED ENTRY--TOPICAL TERM
Topical term or geographic name entry element VAPOR-PLATING.VACUUM DEPOSITION ONTO WEBS, FILMS, AND FOILS
9 (RLIN) 64282
942 ## - ADDED ENTRY ELEMENTS (KOHA)
Koha item type Book
Source of classification or shelving scheme
Holdings
Withdrawn status Lost status Damaged status Not for loan Permanent Location Current Location Shelving location Date acquired Total Checkouts Full call number Barcode Date last seen Price effective from Koha item type
        College of Electrical & Mechanical Engineering (CEME) College of Electrical & Mechanical Engineering (CEME) General Stacks 07/26/2017   671.735 BIS CEME-45878 06/28/2021 06/28/2021 Book
© 2023 Central Library, National University of Sciences and Technology. All Rights Reserved.